<?xml version="1.0" encoding="UTF-8"?>
<record
    xmlns:xsi="http://www.w3.org/2001/XMLSchema-instance"
    xsi:schemaLocation="http://www.loc.gov/MARC21/slim http://www.loc.gov/standards/marcxml/schema/MARC21slim.xsd"
    xmlns="http://www.loc.gov/MARC21/slim">

  <leader>00988nam a22002177a 4500</leader>
  <controlfield tag="005">20171129104908.0</controlfield>
  <datafield tag="010" ind1=" " ind2=" ">
    <subfield code="a">UR-9855</subfield>
  </datafield>
  <datafield tag="020" ind1="6" ind2=" ">
    <subfield code="c">230.00</subfield>
  </datafield>
  <datafield tag="035" ind1=" " ind2=" ">
    <subfield code="a">U-8410</subfield>
  </datafield>
  <datafield tag="037" ind1=" " ind2=" ">
    <subfield code="b">DBAD/PUB</subfield>
  </datafield>
  <datafield tag="082" ind1=" " ind2=" ">
    <subfield code="a">613.270</subfield>
  </datafield>
  <datafield tag="100" ind1=" " ind2=" ">
    <subfield code="a">&#x688; &#x627; &#x6A9;&#x679;&#x631; &#x63A;&#x644;&#x627; &#x645; &#x642;&#x627; &#x62F; &#x631; &#x644;&#x648; &#x646; </subfield>
  </datafield>
  <datafield tag="245" ind1=" " ind2=" ">
    <subfield code="a">&#x642;&#x631; &#x648; &#x646;&#x6CC; &#x648; &#x633;&#x637;&#x6CC; &#x6A9;&#x6D2; &#x645;&#x633;&#x644;&#x645;&#x627; &#x646;&#x648; &#x646; &#x6A9;&#x6D2; &#x633;&#x627; &#x627;&#x646;&#x633;&#x6CC; &#x6A9;&#x627; &#x631; &#x646;&#x627; &#x645;&#x6D2;      </subfield>
    <subfield code="c">&#x688; &#x627; &#x6A9;&#x679;&#x631; &#x63A;&#x644;&#x627; &#x645; &#x642;&#x627; &#x62F; &#x631; &#x644;&#x648; &#x646; </subfield>
  </datafield>
  <datafield tag="246" ind1=" " ind2=" ">
    <subfield code="b">                                                                                                                                       </subfield>
    <subfield code="a">Qurun-e-Wusta Ke Musalmanon Ke Sciencei Karname </subfield>
  </datafield>
  <datafield tag="250" ind1=" " ind2=" ">
    <subfield code="a">by Dr. Ghulam Qadir Lone </subfield>
  </datafield>
  <datafield tag="260" ind1=" " ind2=" ">
    <subfield code="a"> &#x646;&#x626;&#x6CC;  &#x62F; &#x644;&#x6CC;            </subfield>
    <subfield code="b">Merkazi  Maktaba Islami Publishers</subfield>
    <subfield code="c">2014</subfield>
  </datafield>
  <datafield tag="270" ind1=" " ind2=" ">
    <subfield code="a">D307,Dawat Nagar,Abul Fazal Enclave,Jamia Nagar ,</subfield>
    <subfield code="b"> New  Delhi </subfield>
    <subfield code="e">110025</subfield>
    <subfield code="k">01126971652</subfield>
    <subfield code="l">-</subfield>
  </datafield>
  <datafield tag="300" ind1=" " ind2=" ">
    <subfield code="a">447&#x635;</subfield>
    <subfield code="c">22 Cm.(B.b)     </subfield>
  </datafield>
  <datafield tag="500" ind1=" " ind2=" ">
    <subfield code="a">&#x62F;&#x648; &#x62D;&#x635;&#x6C1;</subfield>
  </datafield>
  <datafield tag="942" ind1=" " ind2=" ">
    <subfield code="2">ddc</subfield>
    <subfield code="c">UR</subfield>
    <subfield code="h">613.270</subfield>
    <subfield code="m"> &#x63A; &#x644; &#x627;   </subfield>
    <subfield code="e"> </subfield>
  </datafield>
  <datafield tag="999" ind1=" " ind2=" ">
    <subfield code="c">146975</subfield>
    <subfield code="d">146975</subfield>
  </datafield>
  <datafield tag="952" ind1=" " ind2=" ">
    <subfield code="0">0</subfield>
    <subfield code="1">0</subfield>
    <subfield code="4">0</subfield>
    <subfield code="7">1</subfield>
    <subfield code="8">NFIC</subfield>
    <subfield code="a">DBAD</subfield>
    <subfield code="b">DBAD</subfield>
    <subfield code="d">2017-10-28</subfield>
    <subfield code="e">DBAD/PUB.</subfield>
    <subfield code="g">230.00</subfield>
    <subfield code="l">0</subfield>
    <subfield code="o">613.270  &#x63A; &#x644; &#x627;</subfield>
    <subfield code="p">U-8410</subfield>
    <subfield code="r">2017-10-28 00:00:00</subfield>
    <subfield code="t">1</subfield>
    <subfield code="v">230.00</subfield>
    <subfield code="w">2017-10-28</subfield>
    <subfield code="y">UR</subfield>
  </datafield>
</record>
